000 00491nam a2200181Ia 4500
001 1628
005 20260306143742.0
008 260306t2013||||xx |||||||||||||| ||spa||
041 _aESP
082 _a153.6
_bS78
100 _aStapert, Marta
_eAUT
245 0 _aFocusing con niños:
_bel arte de comunicarse con los niños y los adolescentes en el colegio y en casa
260 _c2013
300 _a257 páginas :
_c21 cm.
650 _aGEN
654 _aCPS
942 _cLIB
_dJUS
_fJUS
_2ddc
_n
999 _c1628
_d1628